مكتبة جامعة عجلون الوطنية

فهرس بحث المكتبة

Normal view MARC view
  • اسرائيل- افريقيا-تاريخ 1948-1985

Entry Topical Term

Number of records used in: 1

001 - CONTROL NUMBER

  • control field: 16441

003 - CONTROL NUMBER IDENTIFIER

  • control field: JO-AjAnu

005 - DATE AND TIME OF LATEST TRANSACTION

  • control field: 20230606072924.0

008 - FIXED-LENGTH DATA ELEMENTS

  • fixed length control field: 230606|| aca||aabn | a|a d

040 ## - CATALOGING SOURCE

  • Original cataloging agency: JO-AjAnu
  • Transcribing agency: JO-AjAnu

150 ## - HEADING--TOPICAL TERM

  • Topical term or geographic name entry element: اسرائيل- افريقيا-تاريخ 1948-1985

670 ## - SOURCE DATA FOUND

  • Source citation: Work cat.: (JO-AjAnu)8438: تاليف عبد الرحمن، عواطف، م. مشارك شعراوي، حلمي, author 16440, إسرائيل وأفريقيا 1948- 1985